| 000 | 00988nam2a22002531 4500 | ||
|---|---|---|---|
| 001 | v19\rc\1472535 | ||
| 005 | 20250618150837.0 | ||
| 035 | _a(NLR Aleph) 004607692 | ||
| 090 |
_a2870879 _c2870879 |
||
| 100 | _a20060620d1880 |||y0rusy50 ca | ||
| 101 | 0 | _arus | |
| 102 | _aRU | ||
| 105 | _ay z ||||| | ||
| 200 | 0 | _aза 1879 год | |
| 210 |
_d[1880] _aБ. м. |
||
| 215 | _a69 с. | ||
| 461 | 0 |
_1001v19\rc\1472531 _12001#$aОтчет Кашинской уездной земской управы Тверской губернии...$vза 1879 год _92870831 _aКашинская уездная земская управа _cКашин _d1877-1915 _tОтчет Кашинской уездной земской управы Тверской губернии... _vза 1879 год |
|
| 801 | 0 |
_aRU _bNLR _gpsbo |
|
| 801 | 0 |
_aRU _bRuMoRGB _2psbo |
|
| 801 | 1 |
_aRU _bProSoft-M _2rusmarc |
|
| 852 |
_aNLR _bЗем _j41-7/О1 |
||
| 899 |
_aRuMoRGB (1876-1914*) _jP 76/615 |
||
| 942 | _cBOOK | ||
| 980 | _aNB | ||